[Event "BAFDAG I"]
[Site "SchemingMind.com"]
[Date "2024.06.06"]
[Round "-"]
[White "splinter"]
[Black "Phillip Beckett"]
[Result "1-0"]
[WhiteCountry "CAN"]
[BlackCountry "ENG"]
[WhiteElo "1835"]
[WhiteRD "86"]
[BlackElo "1486"]
[BlackRD "52"]
[GameID "745120"]

1. c4 e5 2. Nc3 Nf6 3. g3 d5 4. cxd5 Nxd5 5. Bg2 Nb6 6. Nf3 Nc6 7. O-O Be7 8. d3 O-O 9. b3 Be6 10. Bb2 f6
11. Rc1 Qd7 12. a4 Bh3 13. Nd2 Bxg2 14. Kxg2 Nd4 15. e3 Nc6 16. Qc2 Nb4 17. Qb1 Qxd3 18. Qxd3 Nxd3 19. Rb1 Nxb2 20. Rxb2 Rfd8
21. Na2 Nd5 22. Rc2 c6 23. e4 Nb6 24. a5 Nd7 25. Nc4 Nf8 26. Ne3 Ne6 27. b4 Rd3 28. Rb1 Rad8 29. b5 cxb5 30. Rc3 Rxc3
31. Nxc3 Rd2 32. Rxb5 Nc5 33. Ncd5 Bd6 34. Nc4 Nxe4 35. Nxd2 Nxd2 36. Rxb7 Bc5 37. Ne7+ Bxe7 38. Rxe7 Kf8 39. Rxa7 Nc4 40. a6 e4
41. Rc7 Na5 42. a7
1-0

[Event "BAFDAG I"]
[Site "SchemingMind.com"]
[Date "2024.06.06"]
[Round "-"]
[White "Phillip Beckett"]
[Black "eliecercruzr"]
[Result "0-1"]
[WhiteCountry "ENG"]
[BlackCountry "CUB"]
[WhiteElo "1472"]
[WhiteRD "55"]
[BlackElo "2437"]
[BlackRD "63"]
[GameID "745121"]

1. e4 c5 2. Nf3 d6 3. d4 cxd4 4. Nxd4 Nf6 5. Nc3 a6 6. Bg5 e6 7. f4 Qb6 8. Qd2 Qxb2 9. Rb1 Qa3 10. Rb3 Qa5
11. Bd3 Nbd7 12. O-O Be7 13. Nd5 Qxd2
0-1

[Event "BAFDAG I"]
[Site "SchemingMind.com"]
[Date "2024.06.06"]
[Round "-"]
[White "eliecercruzr"]
[Black "Phillip Beckett"]
[Result "1-0"]
[WhiteCountry "CUB"]
[BlackCountry "ENG"]
[WhiteElo "2437"]
[WhiteRD "63"]
[BlackElo "1472"]
[BlackRD "55"]
[GameID "745122"]

1. e4 e5 2. Nf3 Nc6 3. Bc4 Nf6 4. d3 Be7 5. O-O d6 6. a4 O-O 7. Qe2 Bg4 8. c3 a6 9. h3 Bh5 10. Re1 h6
11. Nbd2 Na5 12. Ba2 Nh7 13. g4 Bg6 14. Kh2 Ng5 15. Nh4 Bh7 16. Nf5 Bxf5 17. gxf5 c5 18. Rg1 Kh7 19. h4 Ne6 20. Qg4 Nc7
21. Qxg7#
1-0

[Event "BAFDAG I"]
[Site "SchemingMind.com"]
[Date "2024.06.05"]
[Round "-"]
[White "abuteague"]
[Black "JAHI"]
[Result "0-1"]
[WhiteCountry "USA"]
[BlackCountry "INT"]
[WhiteElo "1581"]
[WhiteRD "97"]
[BlackElo "2163"]
[BlackRD "75"]
[GameID "745123"]

1. d4 c6 2. e4 Na6 3. Nc3 Nc7 4. Nf3 d6 5. Bc4 d5 6. Bd3 Bg4 7. h3 Bxf3 8. Qxf3 e6 9. Bf4 Nf6 10. O-O Be7
11. e5 Nd7 12. a3 Kf8 13. Be3 Kg8 14. Qg4 h6 15. Ne2 h5 16. Qf3 Nf8 17. Ng3 g6 18. Ne2 a6 19. Nf4 Ne8 20. Qg3 Ng7
21. Nxg6 fxg6 22. Bxg6 Bh4
0-1

[Event "BAFDAG I"]
[Site "SchemingMind.com"]
[Date "2024.06.05"]
[Round "-"]
[White "JAHI"]
[Black "abuteague"]
[Result "1-0"]
[WhiteCountry "INT"]
[BlackCountry "USA"]
[WhiteElo "2190"]
[WhiteRD "77"]
[BlackElo "1621"]
[BlackRD "91"]
[GameID "745124"]

1. d3 d6 2. d4 Nf6 3. g3 d5 4. Bh3 Bxh3 5. Nxh3 Qd7 6. Nf4 e6 7. h3 Bd6 8. h4 Nc6 9. Kf1 Bxf4 10. Bxf4 O-O-O
11. Bg5 h6 12. Bxf6 gxf6 13. c3 f5 14. Nd2 Ne7 15. a3 Nc6 16. a4 Na5 17. e3 f6 18. Kg2 e5 19. Re1 Rhg8 20. Qh5 f4
21. exf4 exf4 22. Kh2 fxg3+ 23. fxg3 Qg4 24. Qxg4+ Rxg4 25. Rf1 Rf8 26. Rf5 c6 27. Raf1 Rg6 28. Kh3 Kd7 29. h5 Rg5 30. Rxg5 hxg5
31. Kg4 Ke6 32. Re1+ Kf7 33. Kf5 Kg7 34. g4 a6 35. b3 b5 36. Re7+ Kh6 37. Ra7 bxa4 38. bxa4 Rb8 39. Rf7 Rb2 40. Rxf6+ Kh7
41. Nf3 Nc4 42. Nxg5+ Kg7 43. h6+
1-0

[Event "BAFDAG I"]
[Site "SchemingMind.com"]
[Date "2024.06.06"]
[Round "-"]
[White "abuteague"]
[Black "splinter"]
[Result "0-1"]
[WhiteCountry "USA"]
[BlackCountry "CAN"]
[WhiteElo "1627"]
[WhiteRD "82"]
[BlackElo "1816"]
[BlackRD "87"]
[GameID "745125"]

1. d4 d6 2. c4 Nf6 3. Nf3 b6 4. Nc3 Bb7 5. g3 Nbd7 6. Bg2 g6 7. O-O Bg7 8. Qc2 O-O 9. d5 c6 10. dxc6 Bxc6
11. b3 Rc8 12. Bb2 b5 13. cxb5 Bxb5 14. Qd2 Bc6 15. Rab1 Qa5 16. Rfc1 Rfd8 17. Na4 Qxd2 18. Nxd2 Bxg2 19. Kxg2 Nc5 20. Nxc5 dxc5
21. Nc4 Nd5 22. Bxg7 Kxg7 23. e4 Nb6 24. Nxb6 axb6 25. Rc2 Rd4 26. f3 Rcd8 27. Rbc1 Rd2+ 28. Kh3 R8d3 29. f4 f6 30. Kg4 Rd1
31. Rxd1 Rxd1 32. h4 h5+ 33. Kf3 Rd3+ 34. Kf2 g5 35. fxg5 fxg5 36. hxg5 Kg6 37. Re2 Kxg5 38. Kg2 Kg4 39. e5 Rxg3+ 40. Kh2 Kf4
41. e6 Re3 42. Rxe3 Kxe3
0-1

[Event "BAFDAG I"]
[Site "SchemingMind.com"]
[Date "2024.06.06"]
[Round "-"]
[White "splinter"]
[Black "abuteague"]
[Result "*"]
[WhiteCountry "CAN"]
[BlackCountry "USA"]
[WhiteElo "1816"]
[WhiteRD "87"]
[BlackElo "1627"]
[BlackRD "82"]
[GameID "745126"]

1. c4 e5 2. Nc3 Nc6 3. g3 Bc5 4. Bg2 d6 5. e3 Nf6 6. Nge2 a6 7. O-O O-O 8. a3 Bf5 9. b4 Bb6 10. b5 axb5
11. cxb5 Na5 12. d4 exd4 13. Nxd4 Bd7 14. a4 Qc8 15. Nd5 Nxd5 16. Bxd5 Bxd4 17. Qxd4 Be6 18. Bxe6 Qxe6 19. Bb2 f6 20. Qb4 b6
21. Rac1 Rac8 22. Rc2 Nb7 23. Rfc1 Nc5 24. Rc3 Ra8 25. Ra3 Qf5 26. Rf1 Ra7 27. Bd4 Re8 28. Bxc5 Qxc5 29. Qxc5 dxc5 30. Rc1 Re4
31. a5 Rxa5 32. Rxa5 bxa5 33. Rxc5 Re5 34. Rxc7 Rxb5 35. Rc8+ Kf7 36. Rc7+ Kg6 37. Kg2 a4 38. Ra7 Rb4 39. h4 h5 40. Kf3 Rc4
41. Ra6 Rb4 42. Ra7 Kh6 43. Ra6 Rc4 44. Ra5 g6 45. Ra6 f5 46. Kg2 Rb4 47. Kf3 Kg7
*

[Event "BAFDAG I"]
[Site "SchemingMind.com"]
[Date "2024.06.06"]
[Round "-"]
[White "abuteague"]
[Black "eliecercruzr"]
[Result "0-1"]
[WhiteCountry "USA"]
[BlackCountry "CUB"]
[WhiteElo "1581"]
[WhiteRD "97"]
[BlackElo "2429"]
[BlackRD "66"]
[GameID "745127"]

1. d4 Nf6 2. Bg5 d5 3. Bxf6 gxf6 4. e3 c5 5. Nc3 e6 6. Nf3 Qb6 7. Qc1 Nc6 8. dxc5 Bxc5 9. Be2 Bd7 10. O-O Ne5
11. Nxe5 fxe5 12. a3 Be7 13. a4 a6 14. b3 Rg8 15. a5 Qb4 16. Qb2 Rc8 17. Nb1 Qe4 18. c3 Qxg2#
0-1

[Event "BAFDAG I"]
[Site "SchemingMind.com"]
[Date "2024.06.06"]
[Round "-"]
[White "eliecercruzr"]
[Black "abuteague"]
[Result "1-0"]
[WhiteCountry "CUB"]
[BlackCountry "USA"]
[WhiteElo "2429"]
[WhiteRD "66"]
[BlackElo "1581"]
[BlackRD "97"]
[GameID "745128"]

1. e4 d6 2. d4 Nf6 3. Nc3 c6 4. f4 Qa5 5. Bd3 e5 6. Nf3 exd4 7. Nxd4 g6 8. O-O Bg7 9. Kh1 O-O 10. f5 c5
11. Ndb5 Qd8 12. Bc4 Ne8 13. Bf4 Bxc3 14. Nxc3 a6 15. Qd2 Ng7 16. Bg5 Qb6 17. Nd5 Qxb2 18. Bf6 Qa3 19. Qh6 Nh5 20. Ne7#
1-0

[Event "BAFDAG I"]
[Site "SchemingMind.com"]
[Date "2024.06.06"]
[Round "-"]
[White "JAHI"]
[Black "splinter"]
[Result "1-0"]
[WhiteCountry "INT"]
[BlackCountry "CAN"]
[WhiteElo "2190"]
[WhiteRD "77"]
[BlackElo "1824"]
[BlackRD "82"]
[GameID "745129"]

1. d3 b6 2. g3 Bb7 3. Nf3 g6 4. Bg2 Bg7 5. Kf1 Nf6 6. h3 O-O 7. h4 d6 8. h5 Nxh5 9. Rxh5 gxh5 10. Nc3 Nd7
11. Bg5 h6 12. Bd2 e5 13. Nh4 Bxg2+ 14. Kxg2 f5 15. Qh1 c6 16. Qh3 f4 17. Rg1 Rf7 18. Kf1 d5 19. gxf4 exf4 20. Nf5 Qf6
21. Nxg7
1-0

[Event "BAFDAG I"]
[Site "SchemingMind.com"]
[Date "2024.06.06"]
[Round "-"]
[White "splinter"]
[Black "JAHI"]
[Result "*"]
[WhiteCountry "CAN"]
[BlackCountry "INT"]
[WhiteElo "1816"]
[WhiteRD "87"]
[BlackElo "2199"]
[BlackRD "87"]
[GameID "745130"]

1. c4 c6 2. Nf3 c5 3. Nc3 Nc6 4. g3 h6 5. Bg2 h5 6. O-O h4 7. Nxh4 Rxh4 8. gxh4 e6 9. d3 Qxh4 10. f4 Nh6
11. Qe1 Qxe1 12. Rxe1 Nf5 13. e4 Nfd4 14. Rb1 Be7 15. a3 Kf8 16. Re3 Nb3 17. Rh3 Kg8 18. Be3 d6 19. Rf3 Ncd4 20. Rff1 Bd7
21. e5 Nc2 22. Bc1 Rb8 23. Rf2 Ncd4 24. exd6 Bxd6 25. Be3 Nf5 26. Re1 b6 27. Nb5 Bxb5 28. cxb5 Be7 29. Bf3 Bh4 30. Bd1 Nbd4
31. Bxd4 Nxd4 32. Re3 Bxf2+ 33. Kxf2 Nxb5 34. Rg3 a6 35. Ke3
*

[Event "BAFDAG I"]
[Site "SchemingMind.com"]
[Date "2024.06.06"]
[Round "-"]
[White "JAHI"]
[Black "eliecercruzr"]
[Result "*"]
[WhiteCountry "INT"]
[BlackCountry "CUB"]
[WhiteElo "2199"]
[WhiteRD "87"]
[BlackElo "2435"]
[BlackRD "59"]
[GameID "745131"]

1. d3 d5 2. d4 c5 3. e3 Nc6 4. Bb5 cxd4 5. exd4 Bf5 6. Nf3 e6 7. Kf1 Nf6 8. Nh4 Bg4 9. f3 Ne4 10. Qe1 Be7
11. fxg4 Bxh4 12. g3 Bg5 13. Nc3 Nd6 14. Bxc6+ bxc6 15. Kg2 O-O 16. b3 Re8 17. Rf1 Bf6 18. Be3 e5 19. Qd2 Qd7 20. h3 h5
21. Rxf6 gxf6 22. dxe5 fxe5 23. Bc5 Re6 24. Qg5+ Rg6 25. Qxe5 hxg4 26. hxg4 Ne8 27. Qf5 Qxf5 28. gxf5 Rg5 29. Rh1 Ng7 30. Bd4 Re8
31. Rh4 Rxf5 32. Bxa7 Rg5 33. Kf2 Nf5 34. Rh3 Rg6 35. Bb6 Rge6 36. g4 Nh6 37. g5 Ng4+ 38. Kf3 Ne5+ 39. Kg2 Ng6 40. Kf2 Re5
41. Re3 Rf5+ 42. Ke1 Rb8 43. Bc7 Rc8 44. Bb6 Nf4 45. Rg3 Re5+ 46. Kd1 d4 47. Na4 Rce8 48. Rg1 Ne2 49. Rg2 Nf4 50. Rg1 Ne2
51. Rg2 Nc3+ 52. Kd2 Nxa2 53. Rh2 Rd5 54. Rh4 Kg7 55. Bxd4+ Kg6 56. c3 Red8 57. Kc2 Rxg5 58. Nc5 Rg2+ 59. Kd3 Nc1+ 60. Kc4 Ne2
61. Nd3 f6 62. Nf4+ Nxf4 63. Rxf4 Rd6 64. Rf3 Re6 65. Be3 Re5 66. b4 Rg4+ 67. Bd4 f5 68. Rh3 Re6 69. Rh8 f4 70. Rf8 Kg5
71. Kc5 Rg3 72. b5 cxb5 73. Kxb5 Rd3
*

[Event "BAFDAG I"]
[Site "SchemingMind.com"]
[Date "2024.06.06"]
[Round "-"]
[White "eliecercruzr"]
[Black "JAHI"]
[Result "*"]
[WhiteCountry "CUB"]
[BlackCountry "INT"]
[WhiteElo "2435"]
[WhiteRD "59"]
[BlackElo "2199"]
[BlackRD "87"]
[GameID "745132"]

1. e4 c6 2. d4 Na6 3. Nc3 Nc7 4. Bf4 g6 5. Nf3 Bg7 6. h3 Kf8 7. Bd3 h6 8. e5 d6 9. O-O g5 10. Bg3 g4
11. Nh4 h5 12. Ne4 dxe5 13. hxg4 hxg4 14. dxe5 Bxe5 15. Bxe5 Rxh4 16. Qe2 f6 17. Bg3 Rh8 18. Rad1 Ne8 19. Bf4 Ng7 20. Bc4 Qe8
21. Ng3 Nh6 22. Bxh6 Rxh6 23. Rd4 Rh8 24. Qe4 c5 25. Rd3 Bd7 26. Re1 Rb8 27. Red1 Bc6 28. Qxg4 Qc8 29. Qf4 Ra8 30. Re1 Qb8
31. Qe3 Qe5 32. Qxe5 fxe5 33. Rxe5 Rh4 34. Rxc5 Rg4 35. b3 a6 36. Bd5 Bxd5 37. Rcxd5 Ke8 38. Re5 Rd8 39. Rxd8+ Kxd8 40. Ne4 Rg6
41. Nc5 Kc7 42. c4 a5 43. f3 b6 44. Nd3 Kd7 45. c5 bxc5 46. Nxc5+ Ke8 47. g4 Rd6 48. Ne4 Ra6 49. Kf2 Kf7 50. a4 Ne8
51. Nd2 Nd6 52. Nc4 Nxc4 53. bxc4 e6 54. c5 Ra8 55. Kg3 Kf6 56. Kf4 Ke7 57. Re3 Rf8+ 58. Ke5 Rc8 59. Rc3 Rc6 60. f4 Kf7
61. Kd4 Ke7 62. Ke5 Kd7 63. g5 Ke7 64. Kd4 Rc7 65. c6 Kd6 66. g6 e5+ 67. fxe5+ Ke6 68. Rf3 Rc8 69. Rf6+ Ke7 70. Kd5 Rd8+
71. Rd6 Rc8 72. Rd7+ Kf8 73. c7
*

[Event "BAFDAG I"]
[Site "SchemingMind.com"]
[Date "2024.06.06"]
[Round "-"]
[White "splinter"]
[Black "eliecercruzr"]
[Result "0-1"]
[WhiteCountry "CAN"]
[BlackCountry "CUB"]
[WhiteElo "1824"]
[WhiteRD "82"]
[BlackElo "2414"]
[BlackRD "59"]
[GameID "745133"]

1. c4 e5 2. Nc3 Nf6 3. g3 Bb4 4. Bg2 O-O 5. Nf3 Bxc3 6. bxc3 Re8 7. O-O d6 8. d3 e4 9. dxe4 Nxe4 10. Qc2 Nc6
11. Nd4 Qe7 12. Nxc6 bxc6 13. f3 Nc5 14. e4 Ba6 15. Be3 Bxc4 16. Bxc5 Bxf1 17. Rxf1 dxc5 18. f4 Rad8 19. e5 c4 20. Bxc6 Qc5+
0-1

[Event "BAFDAG I"]
[Site "SchemingMind.com"]
[Date "2024.06.06"]
[Round "-"]
[White "eliecercruzr"]
[Black "splinter"]
[Result "1-0"]
[WhiteCountry "CUB"]
[BlackCountry "CAN"]
[WhiteElo "2435"]
[WhiteRD "59"]
[BlackElo "1816"]
[BlackRD "87"]
[GameID "745134"]

1. e4 c5 2. Nf3 Nc6 3. d4 cxd4 4. Nxd4 e5 5. Nb5 d6 6. c4 a6 7. N5c3 Nf6 8. Bd3 Be7 9. O-O O-O 10. Be3 Ng4
11. Bd2 Be6 12. Nd5 Nf6 13. Nxe7+ Qxe7 14. Nc3 Rac8 15. b3 Nd4 16. Re1 Nd7 17. Be3 Nc6 18. Qd2 Rfd8 19. f3 Nf8 20. Nd5 Bxd5
21. exd5 Nb8 22. Qb4 Nbd7 23. Qxb7 Ra8 24. Qb4 Nc5 25. Bxc5 dxc5 26. Qc3 Re8 27. f4 f6 28. fxe5 fxe5 29. Re2 Nd7 30. Bf5 Rad8
31. Be6+ Kh8 32. Rae1 Qf6 33. Bxd7 Rxd7 34. Rxe5 Rxe5 35. Qxe5 Rd8 36. Qe8+ Qf8 37. Qxf8+ Rxf8 38. d6 Kg8 39. d7 Kf7 40. Rf1+ Ke7
41. Rxf8
1-0